000 01335cam a2200265 i 4500
999 _c4989
_d4989
001 3194629
003 OSt
005 20220401092223.0
008 780726m19789999nyua b 001 0 eng
010 _a 77030046
020 _a0070325014 (v. 1)
040 _aDLC
_cDLC
_dDLC
050 0 0 _aRB43.5
_b.E44 1979
082 0 0 _a616.07/58
_219
245 0 0 _aElectron microscopy in human medicine /
_cedited by Jan Vincents Johannessen.
260 _aNew York :
_bMcGraw-Hill International Book Co.,
_cc1979.
300 _a<v. 1-11b > :
_bill. ;
_c29 cm.
500 _a"Advanced book program."
504 _aIncludes bibliographies and indexes.
505 1 _av. 1. Instrumentation and techniques.--v. 2. Cellular pathobiology. Metabolic and storage diseases.--v. 3. Infectious agents.--v. 4. Soft tissues, bones, and joints.--v. 5. Cardiovascular system, lymphoreticular and hematopoietic system.--v. 6. Nervous system, sensory organs, and respiratory tract.--v. 7. Digestive system.--v. 8. The liver. The gallbladder and biliary ducts.--v. 9. Urogenital system and breast.--v. 10. Endocrine organs.--v. 11a. The skin.--v. 11b. Special techniques and applications.
650 0 _aDiagnosis, Electron microscopic.
700 1 _aJohannessen, Jan Vincents.
906 _a7
_bcbc
_corignew
_d1
_eocip
_f19
_gy-gencatlg
942 _2lcc
_cBK
_nCM